| 000 | 01099nam a2200313Ia 4500 | ||
|---|---|---|---|
| 003 | OSt | ||
| 005 | 20221007124957.0 | ||
| 006 | a|||||r|||| 00| 0 | ||
| 007 | ta | ||
| 008 | 221006b |||||||| |||| 00| 0 eng d | ||
| 020 | _a9780081010334 (pbk) | ||
| 024 | _a201037 | ||
| 037 |
_b6015, 30/12/2019, Ashutosh Technical Books _cTextual |
||
| 040 |
_aCDL _cCDL _beng |
||
| 041 |
_2eng _aeng |
||
| 082 | _aE8, Q9 Carc | ||
| 100 |
_aRam Vishnu Ji _9721173 |
||
| 245 | 0 |
_aChemistry of heterocycles: Nomenclature and chemistry of three-to-five membered heterocycles _b Sethi Arun Nath Mahendra Pratap Ramendra |
|
| 260 |
_aAmsterdam _bElsevier _c2019 |
||
| 300 |
_axi, 489p. ill. _ccm. |
||
| 500 | _aInclude references; Index 479-489p. | ||
| 650 | _a Heterocycles | ||
| 650 | _aChemistry | ||
| 700 |
_a Nath Mahendra _9721174 |
||
| 700 |
_a Pratap Ramendra _9721175 |
||
| 700 | _a Sethi Arun | ||
| 942 |
_hE8, Q9 Carc _cTEXL _2CC |
||
| 999 |
_c1214451 _d1214451 |
||